Popular Music and Society (Record no. 12072)
[ view plain ]
| 000 -LEADER | |
|---|---|
| fixed length control field | 00423 a2200145 4500 |
| 245 ## - TITLE STATEMENT | |
| Title | Popular Music and Society |
| Remainder of title | : The language of Protest in Chimurenga Music; The case of Thomas Mapfumo in Zimbabwe |
| Medium | Text |
| 020 ## - INTERNATIONAL STANDARD BOOK NUMBER | |
| International Standard Book Number | 8257060968 |
| 100 ## - MAIN ENTRY--PERSONAL NAME | |
| Personal name | Kwaramba Dadirai.A |
| 650 ## - SUBJECT ADDED ENTRY--TOPICAL TERM | |
| Topical term or geographic name entry element | SOCIETY |
| 650 ## - SUBJECT ADDED ENTRY--TOPICAL TERM | |
| Topical term or geographic name entry element | MUSIC |
| 650 ## - SUBJECT ADDED ENTRY--TOPICAL TERM | |
| Topical term or geographic name entry element | CHIMURENGA |
| 260 ## - PUBLICATION, DISTRIBUTION, ETC. | |
| Place of publication, distribution, etc. | Norway |
| Name of publisher, distributor, etc. | University of Oslo |
| Date of publication, distribution, etc. | 1997 |
| 041 ## - | |
| -- | English |
| 084 ## - | |
| -- | NONE |
No items available.